000 01385nam a2200337 a 4500
001 69947
003 BD-RjUL
005 20211209081940.0
008 170415s1963 njua b 001 0 eng d
035 _a(BD-RjUL)70159
040 _aDLC/ICU
_cICU
_dBD-RjUL
_beng
041 1 _aengrus
082 0 0 _223
_a530.143
_bABM 1963
100 1 _aAbrikosov, A. A.
_q(Aleksei Alekseevich)
_9207178
245 1 0 _aMethods of quantum field theory in statistical physics /
_c[by] A. A. Abrikosov, L. P. Gorkov [and] I. E. Dzyaloshinski; rev. English ed. translated and edited by Richard A. Silverman.
250 _aRev. English ed.
260 _aEnglewood Cliffs, N.J. :
_bPrentice-Hall,
_cc1963.
300 _axv, 352 p. :
_bill. ;
_c24 cm.
500 _aRev. English translation of Metody kvantovoĭ teorii poli︠a︡.
504 _aIncludes bibliographies and indexes.
650 0 _aQuantum field theory
_9118408
650 0 _aQuantum statistics.
_9207180
650 0 _aLow temperature research.
_9207181
700 _aGorkov, L. P. [joint author]
_9207182
700 _aDzyaloshinski, I. E. [joint author]
_9207183
700 _aSilverman, Richard A. [ed.]
_9207184
830 _aSelected Russian publications in the mathematical sciences.
_9209667
942 _2ddc
_cBK
999 _c69947
_d69947